Study on whole life costing (Record no. 102209)

MARC details
000 -LEADER
fixed length control field 01246cam a2200265 4500
008 - FIXED-LENGTH DATA ELEMENTS--GENERAL INFORMATION
fixed length control field 020722n1999 000 0 eng u
020 ## - INTERNATIONAL STANDARD BOOK NUMBER
International Standard Book Number 1860812805
035 ## - SYSTEM CONTROL NUMBER
System control number (Sirsi) u118946
041 ## - LANGUAGE CODE
Language code of text/sound track or separate title eng
050 ## - LIBRARY OF CONGRESS CALL NUMBER
Classification number 658.202
-- 18
100 ## - MAIN ENTRY--PERSONAL NAME
Personal name Clift, Mike
245 ## - TITLE STATEMENT
Title Study on whole life costing
260 ## - PUBLICATION, DISTRIBUTION, ETC.
Place of publication, distribution, etc. Garston
Name of publisher, distributor, etc. BRE
Date of publication, distribution, etc. 1999
300 ## - PHYSICAL DESCRIPTION
Extent 28p.
Dimensions 30cm
350 ## - PRICE (NR) (BK AM CF MU VM SE) [OBSOLETE]
Price 24
490 ## - SERIES STATEMENT
Series statement BRE BR
Volume/sequential designation 367
520 ## - SUMMARY, ETC.
Summary, etc. Summarises the results of a study on the use of whole life costing by the construction industry. A key part of the research was a questionnaire and telephone-based survey. The objectives of this project were to investigate: the state of the art; work carried out to date; information available; techniques used and participation; scope for use; barriers to its adoption and opportunities for promotion; and focused areas of priority activities needed for a structured research and innovation programme in support of EPSRC and the DETR's Technology and Performance Business Plan.
650 ## - SUBJECT ADDED ENTRY--TOPICAL TERM
Topical term or geographic name entry element LIFE CYCLE COSTING
650 ## - SUBJECT ADDED ENTRY--TOPICAL TERM
Topical term or geographic name entry element WHOLE LIFE COSTS
650 ## - SUBJECT ADDED ENTRY--TOPICAL TERM
Topical term or geographic name entry element CONSTRUCTION INDUSTRY
690 ## - LOCAL SUBJECT ADDED ENTRY--TOPICAL TERM (OCLC, RLIN)
Topical term or geographic name as entry element BUILT ENVIRONMENT-BUILDING COSTS
700 ## - ADDED ENTRY--PERSONAL NAME
Personal name Bourke, Kathryn
710 ## - ADDED ENTRY--CORPORATE NAME
Corporate name or jurisdiction name as entry element Building Research Establishment
942 ## - ADDED ENTRY ELEMENTS (KOHA)
Suppress in OPAC 0
Holdings
Withdrawn status Lost status Source of classification or shelving scheme Damaged status Not for loan Home library Current library Shelving location Date acquired Cost, normal purchase price Total Checkouts Full call number Barcode Date last seen Date last checked out Copy number Cost, replacement price Price effective from Koha item type
    Dewey Decimal Classification     London London Folio 07/01/2004 20.40 4 F658.202 CLI 30068947 03/04/2024 14/03/2005 1 20.40 06/08/2019 Book